Statystyki dla Stolice wykonane z pierwiastków #1

Kliknij tutaj aby rozwiązać quiz!

Ogólne statystyki

  • Ten quiz został rozwiązany 94 razy
  • Średni wynik to 5 z 9

Statystyki odpowiedzi

PierwiastekStolica% Poprawnych
Wapń + Rad + Wapń + SiarkaCaracas
76%
Siarka + Uran + Węgiel + RenSucre
76%
Bor + Erb + Lit + AzotBerlin
70%
Tellur + Hel + Rad + AzotTeheran
70%
Rad + Bor + AstatRabat
66%
Molibden + Sód + Potas + TlenMonako
58%
Potas + Ameryk + Protaktyn + LantanKampala
47%
Protaktyn + Lit + Potas + IrydPalikir
39%
Fluor + Uran + Sód + Fluor + Uran + TytanFunafuti
30%

Rozkład punktacji

Percentyl według liczby udzielonych odpowiedzi

Procent ludzi z każdym wynikiem

Twoja historia wyników

Nie rozwiązałeś tego quizu